Rozpoznaj państwo po godle - Statystyki

Ogólne statystyki
  • Ten quiz został rozwiązany 268 razy
  • Średni wynik to 14 z 25
Statystyki odpowiedzi
Obrazkowy Odpowiedź % Poprawnych
Polska
98%
Hiszpania
91%
Węgry
88%
Chiny
86%
Stany Zjednoczone
79%
Rosja
77%
Iran
76%
Litwa
75%
Egipt
73%
Meksyk
72%
Argentyna
68%
Boliwia
63%
Sri Lanka
63%
Somalia
61%
Brazylia
58%
Etiopia
57%
Indie
57%
Wenezuela
45%
Chile
36%
Kanada
35%
Grenlandia
27%
Naddniestrze
22%
Kuba
11%
Seszele
7%
Republika Południowej Afryki
6%
Nie znaleziono quizów pasujących do podanych kryteriów
Rozkład punktacji
Procent ludzi z każdym wynikiem
Percentyl według liczby udzielonych odpowiedzi
Twoja historia wyników
Nie rozwiązałeś tego quizu